Normal view MARC view
  • González García, Juan

Entry Nombre Personal

Number of records used in: 2

001 - NUMERO DE CONTROL

  • campo de control: 39402

003 - IDENTIFICADOR DE NUMERO DE CONTROL

  • campo de control: UPN

005 - FECHA Y HORA DE LA ÜLTIMA TRANSACCIÓN

  • campo de control: 20210219194545.0

008 - DATOS DE LONGITUD FIJA

  • campo de control de longitud fija: nabaccnnaabn|||||||||| b |nc|||||d

035 ## - NUMERO DE CONTROL

  • Número de control: UPN11000011509

040 ## - FUENTE DE CATALOGACIÓN

  • Lenguaje de catalogación: SPA
  • Agencia de transcripción: UPN

100 1# - ENCABEZAMIENTO - NOMBRE PERSONAL

  • Nombre personal: González García, Juan

670 ## - FUENTE EN LA QUE SE LOCALIZARON DATOS

  • Cita de la fuente: T
  • Uniform Resource Identifier: http://www.chinalac2015.com/assets/img/pdf/conferencias-pdf/Juan_Gonzalez_Garcia_es.pdf

680 ## - NOTA PUBLICA DE ACCESO PÚBLICO

  • Frase explicativa de la referencia: Doctor en Ciencias Económicas, economía de la región Asia Pacífico y especialista en el desarrollo económico de China desde hace más de 20 años

902 ## - CATALOGADOR

  • Catalogador: MCM/091116